000 00577cam a22002053a 4500
001 41436
003 PGUSA
005 20140828083931.0
008 121121s2012||||xxu|||||s|||||000 | eng d
040 _aPGUSA
_beng
042 _adc
245 1 4 _aThe Sportswoman's Library, Vol. 1 of 2
_h[electronic resource] /
_cVarious
260 _bProject Gutenberg,
_c2012
506 _aPublic domain in the USA.
516 _aElectronic text
700 1 _aSlaughter, Frances E.
830 0 _aProject Gutenberg
_v41436
856 4 0 _uhttp://www.gutenberg.org/ebooks/41436
942 _cEB
999 _c270688
_d270688